Loading...

Beyond destiny : the life and times of Subbudu

Bibliographic Details
Main Author: Lada Guruden Singh
Format: Printed Book
Published: Bombay Bharatiya Vidya Bhavan 2005
Subjects:
LEADER 00650nam a22001931a 4500
020 |a 9788172763695  |c 0.00 
040 |a SSUS - Library - Kalady 
082 |a 700.92  |b LAD/B 
100 |a Lada Guruden Singh 
245 |a Beyond destiny : the life and times of Subbudu  |h [Text] 
260 |a Bombay  |b Bharatiya Vidya Bhavan  |c 2005 
300 |a 265p. 
600 |a Biography 
600 |a Biography Artists 
600 |a Biography Subbudu 
852 |h 700.92  |i LAD/B  |p 053642  |9 275.00  |t 0 
942 |c BK 
999 |c 4485  |d 4485 
952 |0 0  |1 0  |4 0  |6 700_920000000000000_LAD_B  |7 0  |9 6812  |a SSUS  |b SSUS  |d 2015-01-08  |g 275.00  |o 700.92 LAD/B  |p 053642  |r 2015-01-08  |v 0.00  |w 2015-01-08  |y BK